| 000 | 00564nam a22002057a 4500 | ||
|---|---|---|---|
| 003 | OSt | ||
| 005 | 20231128120905.0 | ||
| 008 | 170426b xxu||||| |||| 00| 0 eng d | ||
| 020 | _a0618220240 | ||
| 040 |
_aMMU _beng _cMMU _dMMU |
||
| 050 | _aE178.6 .P756 2003 | ||
| 100 | _aOates Stephen B. | ||
| 245 |
_aPortrait of america vol.2/ _cStephen B. Oates |
||
| 250 | _a8th ed. | ||
| 260 |
_aNew York: _bHoughton Mifflin copmpany, _c2003. |
||
| 300 | _axv,451p.; | ||
| 650 | _aportrait of america | ||
| 700 | _aCharles J. Errico | ||
| 942 |
_2lcc _cLOAN LOAN _e8th ed. |
||
| 999 |
_c27236 _d27235 |
||